Využitie analýzy pretvorení na interpretáciu výsledkov geodetického monitoringu

Gespeichert in:
Bibliographische Detailangaben
1. Verfasser: Blazsek, Csaba (Verfasst von)
Weitere Verfasser: Bajtala, Marek (Betreuung Doktorarbeit)
Format: Manuskript Buch
Sprache:Slowakisch
Veröffentlicht: 2018
Schlagworte:
Online-Zugang:http://is.stuba.sk/zp/portal_zp.pl?podrobnosti=131429
https://opac.crzp.sk/?fn=detailBiblioForm&sid=D8F77B52B2130B9EF94C16C07BB0
Tags: Tag hinzufügen
Keine Tags, Fügen Sie das erste Tag hinzu!

MARC

LEADER 00000ntm a22000003a 4500
001 stuzp63399
003 SK-STU
005 20230615134210.1
007 ta
008 150427s2015----xo-----f-mn---000-0-slo-d
040 |a STU  |b slo 
041 0 |a slo 
100 1 |a Blazsek, Csaba  |u 010140  |4 aut  |U SvF Stavebná fakulta  |T SvF Katedra geodézie  |X 75837  |U V140  |Y 14  |7 75837 
242 0 1 |a Using analysis of deformation to interpret the results of geodetic monitoring  |y eng 
245 1 0 |a Využitie analýzy pretvorení na interpretáciu výsledkov geodetického monitoringu 
260 |c 2018 
650 4 |a Deformácia  |2 slo 
650 4 |a posun  |2 slo 
650 4 |a analýza deformácií  |2 slo 
650 4 |a Deformation  |2 eng 
650 4 |a shift  |2 eng 
650 4 |a deformation analysis  |2 eng 
700 1 |a Bajtala, Marek  |u 010140  |k Z8  |4 ths  |U SvF Stavebná fakulta  |T SvF Katedra geodézie  |X 1018  |U V140  |Y 14  |7 A000001018 
856 4 |u http://is.stuba.sk/zp/portal_zp.pl?podrobnosti=131429 
856 4 |u https://opac.crzp.sk/?fn=detailBiblioForm&sid=D8F77B52B2130B9EF94C16C07BB0